Học tiếng Pháp theo băng đĩa hình : Dùng kèm với 1 đĩa VCD
Kaydedildi:
| Materyal Türü: | Kitap |
|---|---|
| Dil: | Undetermined |
| Baskı/Yayın Bilgisi: |
Thành phố Hồ Chí Minh
Tổng Hợp Tp. Hồ Chí Minh
2004
|
| Konular: | |
| Etiketler: |
Etiketle
Etiket eklenmemiş, İlk siz ekleyin!
|
| Thư viện lưu trữ: | Trung tâm Học liệu Trường Đại học Cần Thơ |
|---|
| LEADER | 00563nam a2200181Ia 4500 | ||
|---|---|---|---|
| 001 | CTU_99500 | ||
| 008 | 210402s9999 xx 000 0 und d | ||
| 082 | |a 428.24 | ||
| 082 | |b H419 | ||
| 245 | 0 | |a Học tiếng Pháp theo băng đĩa hình : | |
| 245 | 0 | |b Dùng kèm với 1 đĩa VCD | |
| 245 | 0 | |c Ngô Chanh (dịch) | |
| 260 | |a Thành phố Hồ Chí Minh | ||
| 260 | |b Tổng Hợp Tp. Hồ Chí Minh | ||
| 260 | |c 2004 | ||
| 650 | |a French language | ||
| 904 | |i M.Loan | ||
| 980 | |a Trung tâm Học liệu Trường Đại học Cần Thơ | ||